| 000 | 00395nam a2200145Ia 4500 | ||
|---|---|---|---|
| 008 | 221220s9999 xx 000 0 und d | ||
| 020 | _a978-93-5177-207-1 | ||
| 041 | _aEnglish | ||
| 100 | _aJ. Keller | ||
| 245 | 0 |
_aAttitude is Everything (Change Your Attitude ; Change Your Life) _cby J. Keller |
|
| 260 |
_bHarper Collins _c2017 |
||
| 300 | _a128 | ||
| 650 | _aManagement | ||
| 942 |
_2DDC _cBK |
||
| 999 |
_c19189 _d19189 |
||